| 000 | 00553nam a22002057a 4500 | ||
|---|---|---|---|
| 003 | OSt | ||
| 005 | 20140310183126.0 | ||
| 008 | 130529t xxu||||| |||| 00| 0 eng d | ||
| 020 | _a9719026057 | ||
| 050 |
_aCE 61 _b.Y68 1997 |
||
| 082 |
_aFIL 529.32951 _bY8 1997 |
||
| 245 |
_aThe 1997 Chinese Fortune Calendar _cYoung, Johnny C. |
||
| 260 |
_aSan Juan, Metro Manila _bMG Reprographics _cc1997 |
||
| 300 |
_a498 p. _c17.5 cm. |
||
| 521 | _acollege students | ||
| 526 | _c1210L-1700L | ||
| 541 | _j1 | ||
| 562 | _e1 | ||
| 942 |
_2lcc _cBK _kFIL |
||
| 999 |
_c19023 _d19023 |
||